| 000 | 00617nam a2200205 a 4500 | ||
|---|---|---|---|
| 001 | 000008390 | ||
| 005 | 20200929161333.0 | ||
| 008 | 090916s1999 pr 000 0 spa d | ||
| 020 | _a1881715515 | ||
| 040 | _aDO-SdBNP | ||
| 082 |
_aPR866 _bR621q |
||
| 100 | 1 |
_aRivera, Danny _922620 |
|
| 245 | 1 | 0 |
_aQuerido amiga, querido amigo / _cDanny Rivera, Mairym Cruz-Bernal. |
| 260 |
_aSanto Domingo, : _bIsla Negra : _bEditorial Makarios, _c1999. |
||
| 300 |
_a85 p. ; _c21 cm. |
||
| 650 | 4 |
_aPoesía epistolar _922621 |
|
| 650 | 4 |
_aLiteratura puertorriqueña _9250 |
|
| 700 | 1 |
_aCruz-Bernal, Mairym _922622 |
|
| 049 | _aBNPD | ||
| 999 |
_c8161 _d8161 |
||